000 00594nam a2200241Ia 4500
003 OSt
005 20221005085933.0
006 a|||||r|||| 00| 0
007 ta
008 221004b |||||||| |||| 00| 0 eng d
024 _a60583
037 _cTextual
040 _aCRL
_cCRL
_beng
041 _2eng
_aeng
082 _aU8.1, B3
100 _aBrassey
245 0 _aAround the world in the yacht sunbeam
260 _aNew York
_bHenry Holt
_c1883
300 _a479p.
_ccm.
650 _aGEOGRAPHY
942 _hU8.1, B3
_cTEXL
_2cc
999 _c995026
_d995026